Harry Potter: List of Voldemort's Confirmed Murder Victims - Statistics

General Stats
  • This quiz has been taken 2,325 times
  • The average score is 9 of 20
Answer Stats
Hint Answer % Correct
James Potter
94%
Lily Potter
94%
Cedric Diggory
71%
Severus Snape
70%
Frank Bryce
60%
Harry Potter
55%
Charity Burbage
50%
Bertha Jorkins
43%
Tom Riddle Sr.
43%
Alastor Moody
40%
Moaning Myrtle
37%
Bathilda Bagshot
32%
Hepzibah Smith
29%
Grindelwald
28%
Amelia Bones
26%
Grandma Riddle
25%
Grandpa Riddle
25%
Rufus Scrimgeour
24%
Gregorovitch
22%
Albanian peasant
11%
No matching quizzes found
Score Distribution
Percent of People with Each Score
Percentile by Number Answered
Your Score History
You have not taken this quiz